LEADER 01122nam a2200289 a 4500 001 000000137891 003 CaOOAMICUS 005 20140326141803.0 008 140326s1995 it u000 u ita r 040 $aPUL$bita 100 1 $aTrasatti, Sergio.$0(OLS)http://pul/name/33437 245 10$aIngmar Bergman /$cSergio Trasatti. 260 $aRoma :$bl'Unità ;$aMilano :$bIl Castoro$g1995 300 $a181 p. ;$c17 cm 490 1 $aLibri dell'Unità. Seconda serie ;$v05 490 1 $aIl Castoro cinema 500 $aSuppl. al n. 40 del 9-10-95 dell'Unità. 650 4$aCinema.$0(OLS)http://pul/subject/3452 830 3$aIl Castoro cinema.$0(OLS)http://pul/title/174603 830 0$aLibri dell'Unità.$pSeconda serie ;$v05.$0(OLS)http://pul/title/174608 850 $aPUL 852 $aPUL$W1$xDP1 Fondo E. Rossi$y115$m7 C 2.5$j158966$qFondi$B158504$CPULBib$Z2$F158504 $82 941 1 $a1 996 $6245$aIngmar Bergman$9(OLS)http://pul/title/174607 996 $6260$aRoma :$bl'Unità$9(OLS)http://pul/publisher/74001 996 $6260$aMilano :$bIl Castoro$9(OLS)http://pul/publisher/80120 LEADER 01543nam a2200361 a 4500 001 000000175503 003 CaOOAMICUS 005 20221024153220.0 008 221024s2018 sz kd u000 u eng r 020 $a978-3-030-08454-7* 032 $aLibriCat 040 $aPUL$bita 084 $a146.4 245 00$aIntroduction to Formal Philosophy / $cedited by Sven Ove Hansson, Vincent F. Hendricks. 250 $a1a ed. 260 $aCham :$bSpringer International Publishing,$c©2018. 300 $axx, 733 p. :$bform., graf. ;$c24 cm 490 1 $aSpringer Undergraduate Texts in Philosophy ;$v 500 $aInclude indice. 504 $aBibliografia nelle note. 650 4$aAnalisi (filosofia).$0(OLS)http://pul/subject/8544 650 4$aLogica matematica.$0(OLS)http://pul/subject/9225 700 1 $aHansson, Sven Ove.$0(OLS)http://pul/name/112787 700 1 $aHendricks, Vincent F.$0(OLS)http://pul/name/112788 830 0$aSpringer Undergraduate Texts in Philosophy;$b(Springer).$0(OLS)http://pul/title/216952 850 $aPUL 852 $aPUL$W1$xSL Filosofia 3$y81$m146. 4 HANSV 1$j199703$qDDC 21$B204440$CPULBib$Z2$F204440 $H135867 $82 941 1 $a9 996 $6020$a978-3-030-08454-7*$9(OLS)http://pul/number/168878 996 $6084$a146.4$9(OLS)http://pul/classification/3368 996 $6245$aIntroduction to Formal Philosophy / $9(OLS)http://pul/title/216951 996 $6260$aCham :$bSpringer International Publishing$9(OLS)http://pul/publisher/87529